000 00330nam a2200133 i 4500
001 bg
100 1 _aKOWALEWSKI, Stanisław
245 0 _aZarys teorii struktur administracji /
_cStanisław Kowalewski.
260 _aWarszawa,
_c1969.
040 _cBPK
041 _apol
942 _cKS
008 s pl f |000 0 pol
999 _c7508
_d7508
856 _uhttp://koha.tu.koszalin.pl/cgi-bin/koha/opac-detail.pl?biblionumber=7508
_yKatalog online BPK